| 000 | 00453nam a2200169 a 4500 | ||
|---|---|---|---|
| 001 | 32468 | ||
| 005 | 20180714000058.0 | ||
| 008 | 140415s1994 mx 000 0 spa d | ||
| 041 | _aspa | ||
| 082 |
_a231.3 _bCAR |
||
| 100 | 1 | _aCarrillo Alday, Salvador. | |
| 245 | 1 | 0 | _aY FUERON LLENOS DEL ESPIRITU SANTO |
| 250 | _a1a ed. | ||
| 260 |
_aMEXICO : _bINSTITUTO DE PASTORAL BIBLICA, _c1994 |
||
| 300 | _a120 | ||
| 650 | 1 | 4 | _aESPIRITU SANTO |
| 999 |
_c32468 _d32468 |
||